Vybrali sme z edícií Slovenského spisovateľa

Bibliographic Details
Main Author: Podhradská, Marta, 1949-2023 (Author)
Format: Article
Language:Slovak
Subjects:

MARC

LEADER 00000nab a2200000 a 4500
001 vtls000161666
003 SK-MaSNL
005 20260305015811.0
008 111104c1983 xo 0 slo
015 |a SNBRB19rr/mm-uuuuu 
035 |a CL0171777 
040 |a SNKBUCL  |b slo  |c SNKBUCL  |e AACR2 
041 0 |a slo 
044 |a xo  |c SK 
080 |a 82:08  |2 1981 
080 |a 08  |2 1981 
100 1 |a Podhradská, Marta,  |d 1949-2023  |4 aut  |9 241942 
245 1 0 |a Vybrali sme z edícií Slovenského spisovateľa  |c Marta Podhradská 
610 2 7 |a Slovenský spisovateľ (vydavateľstvo)  |2 snkbucl  |9 154446 
655 7 |a články z novín a časopisov  |2 snkbucl  |9 267496 
655 7 |a články z odboru literárna veda a krásna literatúra  |2 snkbucl  |9 770045 
773 0 |t Ľud  |g Roč. 36, č. 205 (31. 8. 1983), s. 5 
850 |a Slovenská národná knižnica v Martine  |a MTA001 
852 |a SNK  |b KIS3GCP 
958 |a RK 
958 |a LX 
992 |a RBX 
999 |c 3277215  |d 3279145